000 00322nam a22001337a 4500
999 _c55070
_d55070
008 200205b ||||| |||| 00| 0 eng d
041 _aeng
080 _2043.3
_a043.3
082 _a043.3
100 _a0
101 _aBTH
245 _aAnalizimi dhe Implementimi i IPsex VPN dhe ASA firewall
_cVata,B
942 _2udc
_cBK